| 000 | 00299 a2200121 4500 | ||
|---|---|---|---|
| 001 | 76692 | ||
| 082 | _a891.4393 UME | ||
| 090 |
_c39210 _d39210 |
||
| 100 | _aUmaira Ahmed | ||
| 245 |
_aMeri Zaat Zra BaNeshin (urdu) _cUmaira Ahmed _hUrdu |
||
| 260 |
_aLahore _bIlm o Irfan _c2006 |
||
| 300 | _a248 p | ||
| 942 |
_acaenust _k891.4393 UME |
||
| 999 |
_c311765 _d311765 |
||